000 00598nam a2200193 i 4500
001 147720
003 ES-MaACL
005 20260612132716.0
007 t|
008 071005s1966 it ||||1| ita d
100 1 _aUscatescu, Jorge,
_d1919-1995
_9112293
245 1 0 _aActualitatea lui Eminescu /
_cJorge Uscatescu.
260 _aRomae :
_b[s.n.],
_c1966 (
_fTip. Castaldi)
300 _a6 h. ;
_c24 cm.
500 _aEs tirada aparte de Acta Philológica, T. V. p.325-333.
600 1 4 _aEminescu, Mihai (
_d1850-1889)
_947152
852 _aES-MaACL
_j2062-F-25
_bR.64635
999 _c147720
_d147720